Gaming Quiz

Random Gaming or Song Quiz

Touhou Project Character Music Quiz Stats

 Plays Quiz not verified by Sporcle

Score 0/62 Timer 10:00
0 Plays Today
Character Song Titles % Correct
Flandre ScarletU.N. Owen was her?
93%
CirnoBeloved Tomboyish Girl
89.3%
Remilia ScarletSeptette for the Dead Princess
85%
Sakuya IzayoiLunar Clock ~ Luna Dial
82.2%
Patchouli KnowledgeLocked Girl ~ The Girl's Secret Room
82%
Yukari YakumoNecrofantasia
81.9%
Marisa KirisameLove-colored Master Spark
78.3%
Yuyuko SaigyoujiBloom Nobly, Cherry Blossoms of Sumizome ~ Border of Life
76.9%
Sakuya IzayoiFlowering Night
75.3%
Reisen Udongein InabaLunatic Eyes ~ Invisible Full Moon
72.1%
Reisen Udongein InabaLunatic Eyes ~ Invisible Full Moon
72%
Prismriver SistersGhostly Band ~ Phantom Ensemble
70.9%
Prismriver SistersGhsotly Band ~ Phantom Ensemble
70.7%
Aya SyameimaruWind God Girl
70.7%
Suwako MoriyaNative Faith
70.6%
Kaguya HouraisanFlight of the Bamboo Cutter ~ Lunatic Princess
70.6%
Youmu KonpakuHiroari Shoots a Strange Bird ~ Till When?
69.9%
Ran YakumoA Maiden's Illusionary Funeral ~ Necro-Fantasy
69%
Fujiwara no MokouReach for the Moon, Immortal Smoke
68.2%
RumiaApparitions Stalk the Night
67.3%
Mystia LoreleiDeaf to all but the Song
67.2%
Hong MeilingShanghai Alice of Meiji 17
67%
Mystia LoreleiDeaf to all but the Song ~ Flower Mix
66.7%
Utsuho ReiujiSolar Sect of Mystic Wisdom ~ Nuclear Fusion
66.2%
Reimu HakureiMaiden's Capriccio ~ Dream Battle
66%
Sanae KochiyaFaith is for the Transient People
65.6%
Alice MargatroidDoll Judgement ~ The Girl Who Played with People's Shapes
64.2%
Eirin YagokoroGensokyo Millennium ~ History of the Moon
63.9%
Satori KomeijiSatori Maiden ~ 3rd eye
63.1%
Keine KamishirasawaPlain Asia
62.9%
Parsee MizuhashiGreen-Eyed Jealousy
61.8%
Character Song Titles % Correct
ChenDiao ye zong (Withered Leaf)
61.6%
Nitori KawashiroAkutagawa Ryunnosuke's 'Kappa' ~ Candid Friend
61.3%
Shikieiki YamaxanaduJudgement in the Sixtieth Year ~ Fate of Sixty Years
59.4%
Koishi KomeijiHartmann's Youkai Girl
56.5%
Byakuren HijiriEmotional Skyscraper ~ Cosmic Mind
54.1%
Kanako YasakaThe Venerable Ancient Battlefield ~ Suwa Foughten Field
53.1%
Aya ShameimaruThe Youkai Mountain ~ Mysterious Mountain
52.6%
Letty WhiterockCrystallized Silver
51.4%
Nue HoujuuHeian Alien
51.4%
Hina KagiyamaDark Side of Fate
50.4%
Minamitsu MurasaCaptain Murasa
49.2%
Komachi OnozukaHigan Retour ~ Riverside View
48.3%
Tewi InabaWhite Flag of Usa Shrine
47.4%
NazrinA Tiny, Tiny, Clever Commander
47%
Tenshi HinanaiCatastrophe in Bhava-agra ~ Wonderful Heaven
46.5%
Suika IbukiOnigashima in the Fairyland ~ Missing Power
46.4%
Minoriko AkiBecause Princess Inada is Scolding Me
46.4%
Rin KaenbyouCorpse Voyage ~ Be of good cheer!
45.7%
Marisa KirisameOriental Dark Flight
45.7%
Youmu KonpakuMystic Oriental Dream ~ Ancient Temple
45.5%
Reimu HakureiSpring Lane ~ Colorful Path
42.1%
Wriggle NightbugStirring an Autumn Moon ~ Mooned Insect
41.7%
Yuka KazamiGensokyo, Past and Present ~ Flower Land
41.7%
Medicine MelancholyPoison Body ~ Forsaken Doll
38.4%
CirnoAdventure of the Lovestruck Tomboy
37.9%
Kogasa TataraBeware the Umbrella Left There Forever
36.8%
Iku NagaeCrimson in the Black Sea ~ Legendary Fish
35.6%
Ichirin Kumoi & UnzanThe Traditional Old Man and the Stylish Girl
34.2%
Yuugi HoshigumaA Flower-Studded Sake Dish on Mt. Ooe
34.1%
Shou ToramaruThe Tiger-Patternd Bishamonten
33.5%
Yamame KurodaniThe Sealed-Away Youkai ~ Lost Place
28.2%

You're not logged in!

Compare scores with friends on all Sporcle quizzes.
OR
Log In

Sporcle TV

Today on Sporcle TV


Watch our educational content, quiz creation guides, and fun videos on Sporcle TV.

Show Comments

Extras

Created Oct 13, 2009ReportNominate
Tags:Song Quiz, character, project, touhou

Top Quizzes Today


Score Distribution

Your Account Isn't Verified!

In order to create a playlist on Sporcle, you need to verify the email address you used during registration. Go to your Sporcle Settings to finish the process.

Report this User

Report this user for behavior that violates our Community Guidelines.

Details: